| 000 | 00477cam a2200193ua 4500 | ||
|---|---|---|---|
| 041 |
_aeng _h |
||
| 082 |
_a823.308 _bBLA/LO |
||
| 100 | _aBlackmore, R D. | ||
| 245 |
_aLorna Doone / _cBlackmore. _hTextual Documents |
||
| 250 |
_a / _b. |
||
| 260 |
_aLondon : _bOxford University Press , _c1962. |
||
| 300 | _a695 ; . | ||
| 440 | 0 |
_aEnglish classics, _v _x; |
|
| 490 | 0 |
_aEnglish classics, _v _x; |
|
| 504 | _a | ||
| 942 | _cBK | ||
| 999 |
_c842 _d842 |
||